|
|
|
|
| LEADER |
00000nam a2200000 a 4500 |
| 001 |
UCI1102 |
| 003 |
CL-VaPUC |
| 008 |
070615e20050000CL |||||||||||||||||spa|d |
| 020 |
|
|
|a 9563020308
|
| 082 |
0 |
4 |
|a 299.89
|b GUE
|2 21
|
| 100 |
|
|
|a Guerrero Jiménez, Bernardo
|e autor
|9 614892
|
| 700 |
0 |
|
|a Bastian, Jean-Pierre
|e author
|9 521472
|
| 700 |
0 |
|
|a Pollak Eltz, Angelina
|e author
|9 521473
|
| 700 |
0 |
|
|a Ceriani, César
|e author
|9 521474
|
| 700 |
0 |
|
|a Citro, Silvia
|e author
|9 521475
|
| 700 |
|
|
|a Segato, Rita Laura
|e autora
|9 521476
|
| 700 |
0 |
|
|a Albó, Xavier
|e author
|9 521477
|
| 700 |
0 |
|
|a Rivière, Gilles
|e author
|9 521478
|
| 700 |
0 |
|
|a Foerster González, Rolf
|e author
|9 521479
|
| 245 |
1 |
0 |
|a De Indio a Hermano: pentecostalismo indígena en América Latina
|
| 250 |
|
|
|a 1a. ed
|
| 300 |
|
|
|a 404 p
|
| 942 |
|
|
|c BK
|
| 945 |
|
|
|d 20070615 00:00:00
|a castudil
|
| 260 |
|
|
|a Iquique
|b Campvs
|c 2005
|
| 650 |
|
7 |
|a RELIGIOSIDAD POPULAR
|2 CL-VaPUC
|9 521480
|
| 650 |
|
0 |
|a Creencias religiosas
|9 373391
|
| 650 |
|
0 |
|a Ceremonias
|9 337653
|
| 651 |
|
7 |
|a CARIQUIMA
|2 CL-VaPUC
|9 521481
|
| 651 |
|
7 |
|a COLCHANE
|2 CL-VaPUC
|9 521482
|
| 651 |
|
7 |
|a ISLUGA
|2 CL-VaPUC
|9 521483
|
| 651 |
|
7 |
|a CHULLUNCANE
|2 CL-VaPUC
|9 521484
|
| 651 |
|
0 |
|a México
|9 255269
|
| 651 |
|
7 |
|a CHACO
|2 CL-VaPUC
|9 396115
|
| 651 |
|
0 |
|a Argentina
|9 254888
|
| 651 |
|
7 |
|a CHIMBORAZO
|2 CL-VaPUC
|9 521485
|
| 651 |
|
0 |
|a Venezuela
|9 254993
|
| 651 |
|
7 |
|a CHIAPAS
|2 CL-VaPUC
|9 344344
|
| 651 |
|
0 |
|a Araucanía
|9 257448
|
| 583 |
|
|
|a last modification
|c 20190730 08:46:18
|k Rodrigo Vera
|
| 999 |
|
|
|c 326014
|d 326012
|
| 952 |
|
|
|0 0
|1 0
|4 0
|6 299_890000000000000_GUE_2005
|7 0
|8 X
|9 407626
|a FDOMLP
|b FDOMLP
|d 2019-11-22
|i 4242726
|o 299.89 GUE 2005
|p 4242726
|r 2019-11-22
|w 2019-11-22
|y BK_X
|k BU2
|